00517nam a2200217Ia 4500003000900000008004100009040001300050040001300063041000800076100002100084245002800105250000900133260002100142260000900163300001100172300000700183300001200190490000600202600007100208700002000279IT-RoPAU120407s9999 xx 000 0 und d aIT-RoPAU cIT-RoPAU aita aEleonore Beck  aL’amore che cos’è aRoma aEdizioni Paoline c1967 a174 p. bsi c19,5 cm v1 a1. Amore, morale cristiana I Miller Gabriele II - Argentieri E.0 aGabriele Miller